| 000 | 00690cam a2200193 4500 | ||
|---|---|---|---|
| 001 | WS108259 | ||
| 008 | 000000n 000 0 eng u | ||
| 035 | _a(Sirsi) u108259 | ||
| 245 | 4 | _aThe Transport Web | |
| 520 | _aWeb site identifying information and services available to the transport world including databases and resources. | ||
| 650 | _aRAILWAYS | ||
| 650 | _aAIR TRAVEL | ||
| 650 | 0 | _aLOCAL TRANSPORT PLANS | |
| 650 | _aFREIGHT | ||
| 650 | _aPROPERTY-INFRASTRUCTURE-TRANSPORT INFRASTRUCTURE-ROAD INFRASTRUCTURE | ||
| 690 | _aTRANSPORT AND COMMUNICATIONS | ||
| 856 | 4 | 0 |
_uhttps://www.transportweb.com _zView the website free of charge at www.transportweb.com... |
| 942 | _n0 | ||
| 999 |
_c119656 _d119656 |
||